000 00476nam a2200145 a 4500
008 120416s1963 ||||||||||||||||| || u
050 _aPR 6031.R6S5
100 _aPriestley, John Baynton,1894
245 1 4 _aThe shapes of sleep
246 _aa topical tale
260 _aLondon
_bThe Book Club
_c1963
300 _a250p.
350 _a0.00
995 _D0.00
_FCBU-MAIN LIBRARY (Kitwe)
_H1
_I0.88
_M1
_UAVAILABLE
_ZFiction Collection
999 _c57379
_d57379